000 00595nam a2200241Ia 4500
005 20250425162249.0
008 250425s9999 xx 000 0 und d
041 _aeng
082 _a622.338
245 0 _aCASED HOLE APPLICATIONS
250 _aS.E.
260 _aEstados Unidos
_bSCHLUMBERGER
_c1975
260 _aTEXAS CITY
300 _a123
650 _aANALISIS ELECTROQUIMICO
650 _aAPLICACIONES
650 _aCOMPLETACION DE POZOS
650 _aINTERPRETACION LOG
650 _aPERFORACION DE POZOS
650 _aTUBERIAS-PRUEBAS
942 _c01
010 _a59116
999 _c225651
_d225651